Comedias y entremeses

Uloženo v:
Podrobná bibliografie
Hlavní autor: Cervantes Saavedra, Miguel de
Médium: Kniha
Jazyk:Undetermined
Vydáno: México, Distrito Federal Editora Nacional 1970
Témata:
Tagy: Přidat tag
Žádné tagy, Buďte první, kdo vytvoří štítek k tomuto záznamu!

MARC

LEADER 00000nam a2200000Ia 4500
008 170316s9999 xx 000 0 und d
040 |a cru BVZT 
090 |a 862 C-37co 
100 |a Cervantes Saavedra, Miguel de 
245 |a Comedias y entremeses 
260 |a México, Distrito Federal 
260 |b Editora Nacional 
260 |c 1970 
300 |a 303 páginas 
650 |a LITERATURA ESPAÑOLA 
999 |c 9674  |d 9674 
942 |c 15 D  |h 862 C-37co  |2 z